02567nkc a2200373za 450000100060000000300040000600500170001000700070002700800410003404000240007510000410009924500440014026000240018430001010020850002210030950001930053050000650072350001340078850001680092250400520109050500440114251001510118651002100133756101300154761000530167765100260173065500400175670000600179685200120185685601500186894200250201895201330204399900170217684703OSt20260324124457.0kh boc250410s19101911sp ||||| ||||||0| i|spa d aM-RABAbspacM-RABA1 aElorza, Lorenzod(1861-1931)911106810aOyardob: Ventana del ábsidec/ L. E. c[ca. 1910 – 1911] a1 fotografía b: gelatina de plata c; imagen 17 x 12 cmc; soporte secundario 26,5 x 21,5 cm  aVista de la cabecera recta de la iglesia parroquial de San Juan en Oyardo, que presenta dos ventanales, ambos con arco de medio punto apoyados en seis columnas de fuste liso con basas de garras y capiteles decorados. aFotografía montada sobre soporte secundario de cartulina azul enmarcada con orla en relieve. Título y numeración manuscrita que hace referencia a la posición en la serie “148”. aSello con monograma del fotógrafo en tinta roja “L.E.” aFechas tomadas de la ejecución del positivo de las fotografías, incluido el soporte secundario. (Soto Madrazo, Javier. 2008). aForma parte de un conjunto de 167 fotografías empleadas por Federico Baráibar Zumárraga para la elaboración del Inventario del Románico en Álava (1911) aBaraibar, F.: "Rincones artísticos", M. 1914. aOyardo.- Ventanas del ábside. / L. E. aDescripción tomada de: Soto Madrazo, Javier (2008). Federico Baraibar y el Inventario del Románico en Álava: una caja con 167 fotografías. aEsta colección fue utilizada posteriormente por Cristóbal de Castro para la elaboración y publicación del "Catálogo Monumental de España: provincia de Álava", Madrid, S. de Rivadeneira, 1915. aDonadas junto con la memoria manuscrita a la Academia por el mismo Baraibar (Sesión 12 de febrero de 1912, Archivo: 4-32-1)27aIglesia parroquial de San Juan (Oyardo,)9111652 7aÁlava2embne975661 0aFotografías de monumentos91115801 aBaráibar y Zumárraga, Federico d(1851-1918)912926 jFot-257 3Fot-257uhttps://archivoybiblioteca.realacademiabellasartessanfernando.com/cgi-bin/koha/opac-retrieve-file.pl?id=049890323e67ce72d39c6e17d3102d93 2ddccFOTOGRAFÍAn0 00102ddc40708FOTOGRAFIAaRABASFbRABASFcDP2d2025-05-07l0oFot-257p1095589r2025-05-07 10:22:34w2025-05-07yFOTOGRAFÍA c84703d84703